Soudobé spory o multikulturalismus a politiku identit : (antropologická perspektiva) / editoři Tomáš Hirt, Marek Jakoubek
Record details
- ISBN: 80-86898-22-9
- Physical Description: 279 s. ; 21 cm
- Publisher: Plzeň : Vydavatelství a nakladatelství Aleš Čeněk, 2005
Content descriptions
| Bibliography, etc. Note: | Obsahuje bibliografie a bibliografické odkazy |
Search for related items by subject
| Genre: | sborníky papers |
Available copies
- 9 of 9 copies available at Common Catalog SPOK.
Holds
- 0 current holds with 9 total copies.
Show Only Available Copies
| Location | Call Number / Copy Notes | Barcode | Shelving Location | Status | Due Date |
|---|---|---|---|---|---|
| Jabok Library | Soc-6.2 | 424480021596 | Odborná literatura | Available | - |
| Jabok Library | Soc-6.2 | 424480022675 | Odborná literatura | Available | - |
| Varianty | Cho So | 4605400243 | Šafaříkova 17 - 5. patro, chodba | Available | - |
| Varianty | Cho So | 4605400246 | Šafaříkova 17 - 5. patro, chodba | Available | - |
| Varianty | Cho So | 4605400249 | Šafaříkova 17 - 5. patro, chodba | Available | - |
| Varianty | Cho So | 4605400252 | Šafaříkova 17 - 5. patro, chodba | Available | - |
| Varianty | Cho So | 4605400749 | Šafaříkova 17 - 5. patro, chodba | Available | - |
| Varianty | Cho So | 4605400752 | Šafaříkova 17 - 5. patro, chodba | Available | - |
| Varianty | IKV So | 4605400560 | Šafaříkova 17 - 5. patro, IKV | Available | - |
Electronic resources
Version of Resource: Digitalizovaný dokument
| LDR | 01907nam a2200505 a 4500 | ||
|---|---|---|---|
| 001 | 12135 | ||
| 003 | CZ-PrJAB | ||
| 005 | 20190313084943.0 | ||
| 007 | ta | ||
| 008 | 050404s2005 xr f f 000 0 cze | ||
| 015 | . | ‡acnb001575884 | |
| 020 | . | ‡a80-86898-22-9 ‡q(brož.) | |
| 035 | . | ‡a(CZ PrNK)nkc20051575884 | |
| 035 | . | ‡a(OCoLC)62777473 | |
| 040 | . | ‡aABA001 ‡bcze ‡dBOA001 | |
| 072 | 7. | ‡a316.3 ‡xGlobální společnosti. Sociální struktura. Sociální skupiny ‡2Konspekt ‡918 | |
| 080 | . | ‡a316.72/.75 ‡2MRF | |
| 080 | . | ‡a316.347 ‡2MRF | |
| 080 | . | ‡a316.72 ‡2MRF | |
| 080 | . | ‡a316:39 ‡2MRF | |
| 080 | . | ‡a(082) ‡2MRF | |
| 245 | 0 | 0. | ‡aSoudobé spory o multikulturalismus a politiku identit : ‡b(antropologická perspektiva) / ‡ceditoři Tomáš Hirt, Marek Jakoubek |
| 246 | 3 | 0. | ‡aSpory o multikulturalismus |
| 260 | . | ‡aPlzeň : ‡bVydavatelství a nakladatelství Aleš Čeněk, ‡c2005 | |
| 300 | . | ‡a279 s. ; ‡c21 cm | |
| 504 | . | ‡aObsahuje bibliografie a bibliografické odkazy | |
| 650 | 0 | 7. | ‡amultikulturalismus ‡7ph123036 ‡2czenas |
| 650 | 0 | 7. | ‡apluralismus (společnost) ‡7ph135655 ‡2czenas |
| 650 | 0 | 7. | ‡aetnicita ‡7ph120007 ‡2czenas |
| 650 | 0 | 7. | ‡akulturní identita ‡7ph122024 ‡2czenas |
| 650 | 0 | 7. | ‡anáboženská identita ‡7ph139139 ‡2czenas |
| 650 | 0 | 7. | ‡asociální antropologie ‡7ph125775 ‡2czenas |
| 650 | 0 | 9. | ‡amulticulturalism ‡2eczenas |
| 650 | 0 | 9. | ‡apluralism (society) ‡2eczenas |
| 650 | 0 | 9. | ‡aethnicity ‡2eczenas |
| 650 | 0 | 9. | ‡acultural identity ‡2eczenas |
| 650 | 0 | 9. | ‡areligious identity ‡2eczenas |
| 650 | 0 | 9. | ‡asocial antropology ‡2eczenas |
| 655 | 7. | ‡asborníky ‡7fd163935 ‡2czenas | |
| 655 | 9. | ‡apapers ‡2eczenas | |
| 700 | 1 | . | ‡aHirt, Tomáš, ‡d1975- ‡7mzk2004258420 ‡4edt |
| 700 | 1 | . | ‡aJakoubek, Marek, ‡d1975- ‡7xx0015572 ‡4edt |
| 856 | 4 | 1. | ‡uhttp://kramerius4.nkp.cz/search/handle/uuid:2b0a9050-5616-11e5-bf4b-005056827e51 ‡yDigitalizovaný dokument |
| 910 | . | ‡aABG312 | |
| 910 | . | ‡aABH006 | |
| 995 | . | ‡aska | |
| 901 | . | ‡a12135 ‡bUnknown ‡c12135 ‡tbiblio | |